Explicacion del libro IV y V del arte nuevo de gramatica : (Record no. 152976)
[ view plain ]
| 000 -LEADER | |
|---|---|
| campo de control de longitud fija | 01460nam a22002535i 4500 |
| 001 - NÚMERO DE CONTROL | |
| campo de control | 152976 |
| 003 - IDENTIFICADOR DE NÚMERO DE CONTROL | |
| campo de control | ES-MaACL |
| 005 - FECHA Y HORA DE LA ÚLTIMA TRANSACCIÓN | |
| campo de control | 20250723063351.0 |
| 008 - DATOS DE LONGITUD FIJA--INFORMACIÓN GENERAL | |
| campo de control de longitud fija | 040907q17051799sp |||| | spa d |
| 040 ## - FUENTE DE CATALOGACIÓN | |
| Centro catalogador/agencia de origen | CAM |
| Lengua de catalogación | spa |
| Centro/agencia transcriptor | CAM |
| 080 ## - NÚMERO DE LA CLASIFICACIÓN DECIMAL UNIVERSAL | |
| Número de la Clasificación Decimal Universal | 811.134.2'36 |
| 100 1# - ENTRADA PRINCIPAL--NOMBRE DE PERSONA | |
| Nombre de persona | Caro y Cejudo, Jerónimo Martín, |
| Fechas asociadas al nombre | 1630-1712 |
| Término indicativo de función/relación | Autor |
| 9 (RLIN) | 126345 |
| 245 10 - MENCIÓN DEL TÍTULO | |
| Título | Explicacion del libro IV y V del arte nuevo de gramatica : |
| Resto del título | en que tambien se contiene la explicacion de la construccion figurada, relativos & c. y muchas frases sacadas de los autores latinos : con nuevas adiciones en el cuerpo del libro y los tratados de los yerros y descuidos mas notables de la primera y segunda parte del Speculum Grammaticorum / |
| Mención de responsabilidad, etc. | por el maestro Geronimo Martin Caro y Cejudo...; corregida por Francisco de Cepeda... |
| 260 ## - PUBLICACIÓN, DISTRIBUCIÓN, ETC. | |
| Lugar de publicación, distribución, etc. | En Madrid : |
| Nombre del editor, distribuidor, etc. | por la viuda de Joseph Garcia : |
| -- | a costa de la Real Compañia de Impresores y Libreros, |
| Fecha de publicación, distribución, etc. | [entre 1705 y 1799] |
| 300 ## - DESCRIPCIÓN FÍSICA | |
| Extensión | [14], 471 páginas ; |
| Dimensiones | 8º. |
| 596 ## - NOTA AL PIE DE IMPRENTA | |
| NOTA AL PIE DE IMPRENTA | Palau t.III fecha las ediciones de esta obra entre 1705 y 1799 |
| 597 ## - NOTA DE DESCRIPCIÓN FÍSICA | |
| NOTA DE DESCRIPCIÓN FÍSICA | Sign.: ¶7, A-2F8, 2G4. |
| 650 #4 - PUNTO DE ACCESO ADICIONAL DE MATERIA--TÉRMINO DE MATERIA | |
| Término de materia o nombre geográfico como elemento de entrada | Lengua española- |
| Subdivisión general | Gramática. |
| 9 (RLIN) | 14161 |
| 700 1# - ENTRADA AGREGADA--NOMBRE PERSONAL | |
| Nombre de persona | Cepeda, Francisco de, |
| Fechas asociadas al nombre | s. XVIII |
| 9 (RLIN) | 37429 |
| Término indicativo de función/relación | Corrector |
| 852 ## - LOCALIZACIÓN | |
| Ubicación | ES-MaACL |
| Ubicación en estantería | Depósito 2 |
| Marcas de propiedad | Ex-libris ms. de Josef Villanova |
| -- | Ex-libris ms. de Blas Figueroa |
| -- | Ex-libris ms. de Pedro Alcántara Salgado |
| Número de control de estantería | F-2182 |
| Encuadernación | Holandesa |
| 942 ## - ELEMENTOS DE ENTRADA SECUNDARIOS (KOHA) | |
| Fuente del sistema de clasificación o colocación | Clasificación decimal universal |
| Tipo de ítem Koha | Libro impreso antiguo |
| Suprimir en OPAC | No |
| Estatus retirado | Estado de pérdida | Estado de daño | No para préstamo | Biblioteca de origen | Biblioteca actual | Ubicación en estantería | Fecha de adquisición | Fuente de adquisición | Total de préstamos | Signatura topográfica completa | Código de barras | Visto por última vez | Precio de reemplazo | Tipo de ítem Koha |
|---|---|---|---|---|---|---|---|---|---|---|---|---|---|---|
| Biblioteca del Ateneo de Madrid | Biblioteca del Ateneo de Madrid | Depósito 2 | 17/01/2008 | F-2182 | 1159809 | 23/02/2023 | 23/02/2023 | Libro impreso |
